All Clash Royale Cards - Statistics

General Stats
  • This quiz has been taken 6,342 times
    5,713 since last reset
  • The average score is 64 of 125
Answer Stats
Hint Answer % Correct
5 Elixir Prince
87%
1 Elixir Skeletons
86%
1 Elixir Fire Spirit
84%
1 Elixir Ice Spirit
84%
3 Elixir Cannon
83%
2 Elixir Goblins
81%
5 Elixir Giant
79%
3 Elixir Princess
79%
1 Elixir Electro Spirit
78%
1 Elixir Heal Spirit
78%
? Elixir Mirror
78%
7 Elixir Pekka
78%
8 Elixir Golem
76%
7 Elixir Mega Knight
76%
4 Elixir Mini Pekka
74%
3 Elixir Knight
72%
2 Elixir Zap
71%
2 Elixir Log
70%
2 Elixir Spear Goblins
69%
4 Elixir Fireball
68%
9 Elixir Three Musketeers
66%
5 Elixir Wizard
66%
3 Elixir Archers
65%
3 Elixir Skeleton Army
65%
Tower Troop Cannoneer
64%
3 Elixir Arrows
63%
4 Elixir Hog Rider
63%
Tower Troop Royal Chef
63%
5 Elixir Witch
63%
4 Elixir Electro Wizard
62%
4 Elixir Musketeer
62%
3 Elixir Ice Wizard
61%
4 Elixir Golden Knight
60%
4 Elixir Baby Dragon
59%
4 Elixir Tesla
59%
5 Elixir Barbarians
58%
6 Elixir Boss Bandit
58%
Tower Troop Dagger Duchess
58%
3 Elixir Goblin Barrel
58%
6 Elixir Goblin Giant
58%
Tower Troop Princess Tower
58%
5 Elixir Archer Queen
57%
4 Elixir Dark Prince
57%
7 Elixir Electro Giant
56%
3 Elixir Goblin Gang
56%
5 Elixir Inferno Tower
56%
6 Elixir Royal Giant
56%
4 Elixir Skeleton King
56%
4 Elixir Inferno Dragon
55%
6 Elixir Rocket
55%
2 Elixir Ice Golem
54%
2 Elixir Rage
54%
3 Elixir Miner
53%
2 Elixir Barbarian Barrel
52%
5 Elixir Electro Dragon
52%
4 Elixir Goblin Hut
52%
2 Elixir Bomber
51%
3 Elixir Elixir Golem
51%
6 Elixir Lightning
51%
4 Elixir Night Witch
51%
7 Elixir Royal Recruits
50%
3 Elixir Bandit
49%
6 Elixir Barbarian Hut
49%
2 Elixir Berserker
49%
4 Elixir Bomb Tower
49%
3 Elixir Little Prince
49%
4 Elixir Mighty Miner
49%
3 Elixir Minions
49%
4 Elixir Mother Witch
48%
5 Elixir Balloon
47%
2 Elixir Goblin Curse
47%
5 Elixir Royal Hogs
47%
6 Elixir Sparky
47%
4 Elixir Valkyrie
47%
2 Elixir Bats
46%
4 Elixir Freeze
46%
3 Elixir Skeleton Barrel
46%
3 Elixir Vines
46%
3 Elixir Clone
45%
6 Elixir Giant Skeleton
45%
7 Elixir Lava Hound
45%
2 Elixir Wall Breakers
45%
3 Elixir Dart Goblin
44%
2 Elixir Giant Snowball
44%
4 Elixir Lumberjack
44%
5 Elixir Monk
43%
3 Elixir Void
42%
6 Elixir Elite Barbarians
41%
4 Elixir Goblin Cage
41%
5 Elixir Graveyard
41%
4 Elixir Poison
41%
5 Elixir Ram Rider
41%
5 Elixir Goblin Machine
40%
5 Elixir Goblinstein
40%
6 Elixir Xbow
40%
3 Elixir Firecracker
39%
5 Elixir Minion Horde
39%
3 Elixir Royal Delivery
38%
3 Elixir Tombstone
38%
3 Elixir Royal Ghost
37%
6 Elixir Elixir Collector
34%
3 Elixir Guards
34%
4 Elixir Battle Healer
33%
4 Elixir Furnace
33%
4 Elixir Mortar
33%
5 Elixir Bowler
32%
3 Elixir Earthquake
32%
4 Elixir Magic Archer
32%
4 Elixir Rune Giant
32%
4 Elixir Zappies
32%
5 Elixir Cannon Cart
31%
4 Elixir Skeleton Dragons
31%
6 Elixir Spirit Empress
31%
4 Elixir Battle Ram
30%
3 Elixir Mega Minion
30%
3 Elixir Tornado
29%
3 Elixir Fisherman
28%
4 Elixir Goblin Drill
28%
2 Elixir Suspicious Bush
28%
5 Elixir Executioner
27%
4 Elixir Flying Machine
25%
4 Elixir Hunter
25%
4 Elixir Goblin Demolisher
23%
5 Elixir Rascals
21%
4 Elixir Phoenix
19%
No matching quizzes found
Score Distribution
Percent of People with Each Score
Percentile by Number Answered
Your Score History
You have not taken this quiz since the last reset